00332nam a2200133Ia 4500008004100000020001500041041001200056082001600068100001400084245004200098260003400140300000800174650001600182221030s9999 xx 000 0 und d a8187522682 aEnglish a105.23bBan aR. Bangia 0aLearning MS Office 2000cby R. Bangia bKhanna Pub.aNew Delhic2000 a224 aBE Computer